01005ngm a2200265 4500003000400000005001700004007000400021008004000025010001500065024001900080035001500099040001300114082001500127245006900142260004000211300006200251440004000313500007700353500005900430500003100489538005600520538012500576650001900701700001900720dpl20090212124335.0DVD||||||sp199 xxu|||||c|||| 00| 0 eng d aDVD-001623 a29938c499.00  aDVD-001623 aDPLcDPL aDVD / TRAN aTransporter IIc20th Century Fox Presentsh[videorecording] DVD/ b20th Century Fox Home Entertainment a1 videodisc DVD; (88 min.) :bsd., col. ;c4 3/4 in.fDVD a20th Centyry Fox Home Entertainment aSole Distributor in India M/s. Excel Productions Autio Visuals Pvt. Ltd. aFrom the maker of The Professional and La Femme Nikita aThis DVD is Copy Protected aDolby Digital 5.1-English Subtitles: English,Thai,  aAspect Ratio: 2.35:1, Presentation type: Wide Screen, Presentation Size 16x9 Format DVD 9 Dual Layer Single Sided Disc. aMotion Picture aStatham, Jaosn